| 000 | 00491nam a2200169Ia 4500 | ||
|---|---|---|---|
| 999 |
_c32468 _d32468 |
||
| 003 | OSt | ||
| 005 | 20200904135052.0 | ||
| 008 | 190216s9999||||xx |||||||||||||| ||und|| | ||
| 020 | _a9780486689708 | ||
| 040 | _coclc | ||
| 082 |
_a532.5 _bTHO/T |
||
| 100 |
_aThomson, L M Milne _94448 |
||
| 245 | 0 |
_aTheoretical Hydrodynamics / _cL M Milne Thomson |
|
| 260 |
_bDover Publications, _c2013. _aNew York: |
||
| 300 | _a742p | ||
| 942 |
_cBK _2ddc _h532.5 _iTHO/T _k532.5 _mTHO/T |
||